Compairing fertilizer effected on bitter gourd in wet season 2002 at national school of agriculture preak leap, ការពិសោធន៍ប្រៀបធៀបឥទ្ធិពលជីលើដំណាំម្រះក្នុងលក្ខខ័ណ្ធរដូវរំហើយឆ្នាំ២០០២ ណនៅសាលាជាតិព្រែកលៀប (Record no. 1359)
[ view plain ]
| 000 -LEADER | |
|---|---|
| fixed length control field | 00747nam a22001577a 4500 |
| 003 - CONTROL NUMBER IDENTIFIER | |
| control field | OSt |
| 005 - DATE AND TIME OF LATEST TRANSACTION | |
| control field | 20150927162054.0 |
| 008 - FIXED-LENGTH DATA ELEMENTS--GENERAL INFORMATION | |
| fixed length control field | 150927b xxu||||| |||| 00| 0 eng d |
| 040 ## - CATALOGING SOURCE | |
| Transcribing agency | RUA |
| 082 ## - DEWEY DECIMAL CLASSIFICATION NUMBER | |
| Classification number | ATM.Sp CHA 2003 B058 Or.1 |
| 100 ## - MAIN ENTRY--PERSONAL NAME | |
| 9 (RLIN) | 1447 |
| Personal name | CHAN, SYNAT. |
| 245 ## - TITLE STATEMENT | |
| Title | Compairing fertilizer effected on bitter gourd in wet season 2002 at national school of agriculture preak leap, ការពិសោធន៍ប្រៀបធៀបឥទ្ធិពលជីលើដំណាំម្រះក្នុងលក្ខខ័ណ្ធរដូវរំហើយឆ្នាំ២០០២ ណនៅសាលាជាតិព្រែកលៀប |
| 260 ## - PUBLICATION, DISTRIBUTION, ETC. (IMPRINT) | |
| Place of publication, distribution, etc. | Phnmo Penh |
| Name of publisher, distributor, etc. | RUA |
| Date of publication, distribution, etc. | 2003 |
| 300 ## - PHYSICAL DESCRIPTION | |
| Extent | 40p. |
| Other physical details | ill. |
| Dimensions | 29cm. |
| 942 ## - ADDED ENTRY ELEMENTS (KOHA) | |
| Source of classification or shelving scheme | |
| Koha item type | ATM.s |
| Price effective from | Date last seen | Permanent Location | Not for loan | Date acquired | Source of classification or shelving scheme | Koha item type | Lost status | Withdrawn status | Date last checked out | Total Checkouts | Shelving location | Damaged status | Barcode | Current Location | Full call number |
|---|---|---|---|---|---|---|---|---|---|---|---|---|---|---|---|
| 2015-09-27 | 2023-08-30 | Library Block B | 2015-09-27 | ATM.s | 2023-08-07 | 1 | B058 | RUA001714 | Library Block B | ATM.Sp CHA 2003 B058 Or.1 | |||||
| 2015-09-27 | 2018-10-22 | Library Block B | 2015-09-27 | ATM.s | 2018-10-16 | 2 | B058 | RUA001642 | Library Block B | ATM.Sp CHA 2003 B058 Or.2 | |||||
| 2015-09-27 | 2024-06-25 | Library Block B | 2015-09-27 | ATM.s | 2024-05-17 | 2 | B058 | RUA001790 | Library Block B | ATM.Sp CHA 2003 B058 Or.3 | |||||
| 2015-09-27 | 2015-09-27 | Library Block B | 2015-09-27 | ATM.s | B058 | RUA001934 | Library Block B | ATM.Sp CHA 2003 B058 Or.4 | |||||||
| 2015-09-27 | 2024-03-11 | Library Block B | 2015-09-27 | ATM.s | 2022-12-26 | 3 | B058 | RUA001862 | Library Block B | ATM.Sp CHA 2003 B058 Or.5 | |||||
| 2016-01-25 | 2022-12-30 | Library Block B | 2016-01-25 | ATM.s | 2022-12-12 | 3 | B058 | RUA41424 | Library Block B | ATM.Sp CHA 2003 B058 Or.6 | |||||
| 2016-01-25 | 2017-11-15 | Library Block B | 2016-01-25 | ATM.s | 2017-10-27 | 1 | B058 | RUA051522 | Library Block B | ATM.Sp CHA 2003 B058 Or.7 |